Capitals of Europe - Sudden Death - Statistics

General Stats
  • This quiz has been taken 95 times
  • The average score is 11 of 12
Answers on the Grid
Answers color-coded by a green-red scale on the quiz's grid according to % correct below.
Athens
Alcatraz
Brussels
Berlin
Bamako
Copenhagen
Djibouti City
Frankfurt
Gardeux
Helsinki
Kyiv
Karthum
Ljubljana
Lacoste
Lisbon
Manila
Prague (Praha)
Pristina
Tbilisi
Zagreb
 
Answer Stats
Answer % Correct
Berlin
98%
Helsinki
98%
Copenhagen
96%
Brussels
95%
Prague (Praha)
95%
Lisbon
94%
Zagreb
94%
Athens
93%
Kyiv
93%
Ljubljana
83%
Pristina
82%
Tbilisi
73%
No matching quizzes found
Score Distribution
Percent of People with Each Score
Percentile by Number Answered
Your Score History
You have not taken this quiz